000 00303nam a22001337a 4500
008 171004b xxu||||| |||| 00| 0 eng d
020 _a9780495186786
041 _aeng
080 _27TH
_a159.9
100 _a48
101 _aPSI
245 _aDEVELOPMENTAL PSYCHOLOGY
_cSHAFFER,D.R
942 _2udc
_cBK
999 _c31699
_d31699